000 01141nam a2200325 a 4500
999 _c102179
_d102179
003 BLK
005 20240925005452.0
008 180409b bul|||||r ||||||| ||bul||
010 _aKNG00107237000
040 _aBLK
041 _aBUL
_cBUL
080 _aНемска литература
_b821.112.2
_x-93-34
_z821.112.2-93-34
100 1 _aХауф, Вилхелм
_eпърви автор
_9368216
139 _aХауф, Вилхелм
_bХ 33
245 1 0 _aПриказки
_cВилхелм Хауф; прев. от нем. Димитър Стоевски.
250 _a2. изд.
257 _aDEU
260 _bНар. младеж
_c1966
_aСофия
300 _a168 с., 1 л.
_bпортр.
_c29 см
380 _aDX
490 _aЗлатна библиотека
_v12
_9201320
700 _aСтоевски, Димитър
_qЧолаков, Димчо Стоев
_9364897
852 _aЦб ІІ 12058
856 4 _qpdf
856 4 _qpdf
942 _cKNG
_n0
_03
_s1
944 _aCR
_c23.07.2003
_k
_lCRON CRON
944 _aED
_c26.09.2017
_kСевдалина_Василева
999 _d102179